| 000 | 00769nam a2200229 a 4500 | ||
|---|---|---|---|
| 005 | 20240919063845.0 | ||
| 008 | 050204s1993 mx r 000 0 spa d | ||
| 020 | _a9686348107 | ||
| 035 | _aUPN01000137297 | ||
| 049 | _aCG | ||
| 050 | 4 |
_aHN120 Z9 _bE7.2 |
|
| 100 | 1 |
_aEsteinou Madrid, Francisco Javier _938693 |
|
| 245 | 0 | 3 |
_aLa comunicación y la cultura nacionales en los tiempos del libre comercio / _cJavier Esteinou Madrid. |
| 260 |
_aMéxico : _bFundación Manuel Buendia, _c1993. |
||
| 300 | _a287 p. | ||
| 440 | 0 | _aPistas | |
| 650 | 4 |
_aMEDIOS MASIVOS DE COMUNICACION - _xASPECTOS SOCIALES - _zMEXICO _916044 |
|
| 650 | 2 |
_aLibre comercio _zMéxico _915868 |
|
| 651 | 4 |
_aMEXICO - _xCULTURA |
|
| 651 | 4 |
_aMéxico _xPolítica y gobierno _94512 |
|
| 905 | _aLibro | ||
| 999 |
_c109448 _d109448 |
||